000 00330nam a2200133Ia 4500
008 240624s9999 xx 000 0 und d
041 _aeng
082 _a336.2 MIT
100 _aMITTAL D P
245 _aINDIAN DOUBLE TAXATION AGREEMENTS AND TA
250 _a(7th ed.)
260 _c2014
_aNew Delhi
_bTaxmann
365 _cRS
_b25.4
999 _c26550
_d26550